Southville International School and Colleges
Your cart is empty.
  • Cart
  • Lists
    Public lists Eva Luna New books Lux_list list_1
    Your lists Log in to create your own lists
  • Log in to your account
  • Your cookies
  • Search history
Southville International School and Colleges
  • Advanced search
  • Recent comments
  • Most popular
  • Libraries

Log in to your account

Log in with GOOGLE


If you do not have an external account, but do have a local account, you can still log in:

  1. Home
  2. MARC view: X-ray of adult bones /
Normal view MARC view ISBD view

X-ray of adult bones / (Record no. 13511)

[ view plain ]
MARC details
000 -LEADER
fixed length control field 00501nam a22001697a 4500
003 - CONTROL NUMBER IDENTIFIER
control field OSt
005 - DATE AND TIME OF LATEST TRANSACTION
control field 20140310182440.0
008 - FIXED-LENGTH DATA ELEMENTS--GENERAL INFORMATION
fixed length control field 130402t xxu||||| |||| 00| 0 eng d
020 ## - INTERNATIONAL STANDARD BOOK NUMBER
International Standard Book Number 9789715846196
050 ## - LIBRARY OF CONGRESS CALL NUMBER
Classification number RC 78
Item number .V152 2009
100 ## - MAIN ENTRY--PERSONAL NAME
Personal name Valencia, Jose.
9 (RLIN) 7611
245 ## - TITLE STATEMENT
Title X-ray of adult bones /
Statement of responsibility, etc Jose S.L. Valencia with foreword by Antonio B. Sison.
260 ## - PUBLICATION, DISTRIBUTION, ETC. (IMPRINT)
Place of publication, distribution, etc Quezon City:
Name of publisher, distributor, etc C&E Publishing, Inc.,
Date of publication, distribution, etc 2009.
300 ## - PHYSICAL DESCRIPTION
Extent 187 p. :
Dimensions 22 cm.
Other physical details ill. ;
942 ## - ADDED ENTRY ELEMENTS (KOHA)
Source of classification or shelving scheme Library of Congress Classification
Koha item type
Holdings
Withdrawn status Lost status Source of classification or shelving scheme Damaged status Home library Current library Shelving location Date acquired Total Checkouts Full call number Barcode Date last seen Copy number Price effective from Koha item type
    Library of Congress Classification   South SEED-LPDH College Library South SEED-LPDH College Library South SEED-LPDH College Section 04/02/2013   RC 78 .V152 2009 SSLC1069 05/15/2018 1 11/06/2013 Books

X-ray of adult bones /

APA

Valencia J., . (2009). X-ray of adult bones. Quezon City: C&E Publishing, Inc.

Chicago

Valencia Jose, . 2009. X-ray of adult bones. Quezon City: C&E Publishing, Inc.

Harvard

Valencia J., . (2009). X-ray of adult bones. Quezon City: C&E Publishing, Inc.

MLA

Valencia Jose, . X-ray of adult bones. Quezon City: C&E Publishing, Inc. 2009.

  • Place hold
  • Print
  • Cite
  • Add to your cart (remove)
  • Save record
    BIBTEX Dublin Core MARCXML MARC (non-Unicode/MARC-8) MARC (Unicode/UTF-8) MARC (Unicode/UTF-8, Standard) MODS (XML) RIS
  • More searches
    Search for this title in:
    Other Libraries (WorldCat) Other Databases (Google Scholar) Online Stores (Bookfinder.com) Open Library (openlibrary.org)

Exporting to Dublin Core...

SOUTHVILLE LIBRARY

Southville International School and Colleges Library

1281 Tropical Ave. Cor. Luxembourg St., BF Homes International, Las Pinas City

Tel. No. 8256374 / 252358 Loc. 117/146

Powered by Koha